logo

Bir Sreshtho Munshi Abdur Rouf Library
Jhenaidah Cadet College

মনীষীদের ছেলেবেলা ১ / (Record no. 2769)

MARC details
000 -LEADER
fixed length control field 00669nam a2200229 a 4500
001 - CONTROL NUMBER
JCCL Control Number 2769
003 - CONTROL NUMBER IDENTIFIER
JCCL marc code BD-JhCC
005 - DATE AND TIME OF LATEST TRANSACTION
control field 20171123094025.0
008 - FIXED-LENGTH DATA ELEMENTS--GENERAL INFORMATION
fixed length control field 171106s1983 bg |||| |||| 000 0cbg d
035 ## - SYSTEM CONTROL NUMBER
system control number (BD-JhCC)2769
040 ## - CATALOGING SOURCE
Original cataloging agency BD-JhCC
Modifying agency BD-JhCC
041 ## - LANGUAGE CODE
Language code of Book ben
082 ## - DEWEY DECIMAL CLASSIFICATION NUMBER
Classification number 920.02
Author mark and Year FER 1983
100 ## - MAIN ENTRY--PERSONAL NAME
Personal name ফেরদৌস, শাহানা
245 ## - TITLE STATEMENT
Title মনীষীদের ছেলেবেলা ১ /
Statement of responsibility, etc শাহানা ফেরদৌস
260 ## - PUBLICATION, DISTRIBUTION, ETC. (IMPRINT)
Place of publication, distribution, etc ঢাকা :
Name of publisher, distributor, etc তানজিলা প্রকাশনী,
Date of publication, distribution, etc 1983.
300 ## - PHYSICAL DESCRIPTION
Pagination 92 p. :
Dimensions 21 cm.
650 ## - SUBJECT ADDED ENTRY--TOPICAL TERM
Topical term or geographic name as entry element Biography
650 ## - SUBJECT ADDED ENTRY--TOPICAL TERM
Topical term or geographic name as entry element Youth
942 ## - ADDED ENTRY ELEMENTS (KOHA)
Source of classification or shelving scheme Dewey Decimal Classification
Koha item type Books
Holdings
Source of classification or shelving scheme Damaged status Not for loan Home library Current library Shelving location Date of accession Cost, normal purchase price Total Checkouts Full call number Barcode Date last seen Copy number Koha item type
Dewey Decimal Classification     JCC Rouf Library JCC Rouf Library General Stacks 11/06/2017 25.00   920.02 FER 1983 4126 11/06/2017 C-1 Books

JCC Library | Contacts | JCC Home

Last Update on 23 September 2017
Copyright @ 2017-2020 JCC Rouf Library
Rouf Library, Jhenidah Cadet College (JCC), Bangladesh